000 00599cam a2200205 4500500
005 20260405003341.0
041 _afre
042 _adc
100 1 0 _aPortevin, Catherine
_eauthor
245 0 0 _aPendant que j’y pense/Septembre 2021
260 _c2021.
500 _a44
690 _aCatherine Portevin
690 _aInsomnie
690 _aKafka
690 _aRêve
690 _aSommeil
786 0 _nPhilosophie magazine | 152 | 9 | 2021-09-01 | p. 67-67 | 1951-1787
856 4 1 _uhttps://shs.cairn.info/magazine-philosophie-magazine-2021-9-page-67?lang=fr&redirect-ssocas=7080
999 _c2066735
_d2066735